000 00988nam a2200277Ia 4500
003 OSt
005 20221005104232.0
006 a|||||r|||| 00| 0
007 ta
008 221004b |||||||| |||| 00| 0 san d
020 _a9788171104550 (hbk)
_c550
024 _a8715
037 _b237, 17/12/2013, Eastern Book Linkers
_cTextual
040 _aCRL
_cCRL
_bsan
041 _2san
_asan
082 _aR641xJ90,1, 152Q3
100 _aविजय रानी, अनु.
245 0 _aमानमेयोदय
246 _aMānameyodaya
260 _aदिल्ली
_bपरिमल पब्लिकेशन्स भारत
_c2013
300 _a360पृ0
_ccm.
490 _aपरिमल संस्कृत सीरीज; 129
650 _aभारतीय दर्शन
942 _hR641xJ90,1, 152Q3
_cTEXL
_2cc
999 _c1012099
_d1012099